Delitos contra la propiedad en la actividad minera. Perspectiva político criminal y dogmática.
保存先:
| 第一著者: | |
|---|---|
| フォーマット: | 不明 |
| 出版事項: |
Santiago, Chile:
Thomson Reuters,
2022.
|
| 版: | 1ª edición |
| シリーズ: | Monografías
|
| 主題: | |
| タグ: |
タグ追加
タグなし, このレコードへの初めてのタグを付けませんか!
|
MARC
| LEADER | 00000 a2200000 4500 | ||
|---|---|---|---|
| 003 | CL-VaPUC | ||
| 005 | 20221020113546.0 | ||
| 008 | 221011t2022 ||||| |||| 00| 0 eng d | ||
| 999 | |c 439129 |d 439127 | ||
| 020 | |a 978-956-400-295-8 | ||
| 040 | |c Pontificia Universidad Católica de Valparaíso | ||
| 082 | |2 22 |a 364.162 URB 2022 | ||
| 100 | |a Urbina Labra, Froilán |9 877547 |e autor | ||
| 245 | |a Delitos contra la propiedad en la actividad minera. |b Perspectiva político criminal y dogmática. | ||
| 250 | |a 1ª edición | ||
| 260 | |a Santiago, Chile: |b Thomson Reuters, |c 2022. | ||
| 300 | |a 131 páginas. | ||
| 440 | |a Monografías |9 856527 | ||
| 583 | |k GC |c 20221011 | ||
| 650 | 0 | |9 388864 |a Legislación minera |x Delitos contra la propiedad |x Robos |z Chile | |
| 650 | 0 | |9 370030 |a Propiedad minera |x Delitos |x Robos |z Chile | |
| 942 | |2 ddc |c BK | ||
| 952 | |0 0 |1 0 |2 ddc |4 0 |6 364_162000000000000_URB_2022 |7 0 |8 A |9 587192 |a BIBDER |b BIBDER |c GEN |d 2022-10-11 |e 31 |g 0.00 |i 5655118 |o 364.162 URB 2022 |p 5655118 |r 2023-01-25 |t 1 |v 0.00 |w 2022-10-11 |y BK |k DER | ||